[Event "NZL-ch Major op"]
[Site "Wanganui"]
[Date "2003.01.10"]
[Round "11"]
[White "Thornton, Giovanni Antonio"]
[Black "Harris, Pascal"]
[Result "1-0"]
[WhiteElo "1527"]
[BlackElo "1747"]
[PlyCount "59"]
[EventDate "2003.01.??"]
[EventType "swiss"]
[EventRounds "11"]
[EventCountry "NZL"]
[SourceTitle "EXT 2005"]
[Source "ChessBase"]
[SourceDate "2004.11.15"]
[SourceVersion "1"]
[SourceVersionDate "2004.11.15"]
[SourceQuality "1"]

1. c4 Nf6 2. Nf3 g6 3. g3 Bg7 4. Bg2 d5 5. cxd5 Nxd5 6. Nc3 c6 7. d4 b6 8. 0-0 Bb7 9. e4 Nxc3 10. bxc3 0-0 11. Be3 Re8 12. Qd2 e5 13. Qc2 Qc7 14. dxe5 Nd7 15. Bf4 Nxe5 16. Rad1 Rad8 17. Kh1 c5 18. Bg5 Rxd1 19. Rxd1 Nxf3 20. Bxf3 Qe5 21. Qa4 Ra8 22. Bf4 Qxc3 23. Bg2 Bf6 24. Bh6 a6 25. Qd7 Qc2 26. Rc1 Qe2 27. Qxb7 Rd8 28. h3 Qxf2 29. e5 Rd2 30. Qc8+ 1-0

[Event "NZL-ch Major op"]
[Site "Wanganui"]
[Date "2003.01.08"]
[Round "9"]
[White "Harris, Pascal"]
[Black "Watharow, Sean"]
[Result "1/2-1/2"]
[WhiteElo "1747"]
[BlackElo "1626"]
[PlyCount "56"]
[EventDate "2003.01.??"]
[EventType "swiss"]
[EventRounds "11"]
[EventCountry "NZL"]
[SourceTitle "EXT 2005"]
[Source "ChessBase"]
[SourceDate "2004.11.15"]
[SourceVersion "1"]
[SourceVersionDate "2004.11.15"]
[SourceQuality "1"]

1. d4 Nf6 2. c4 c5 3. d5 b5 4. cxb5 a6 5. bxa6 Bxa6 6. Nc3 d6 7. e4 Bxf1 8. Kxf1 g6 9. g3 Bg7 10. Kg2 Nbd7 11. f4 Nb6 12. Nf3 Nfd7 13. Re1 0-0 14. f5 Nc4 15. fxg6 hxg6 16. Ng5 Nf6 17. Ne2 Nh5 18. Qb3 Ne5 19. Nf4 Rb8 20. Qc2 c4 21. Nxh5 Nd3 22. Rf1 Bxb2 23. Qd2 Bxa1 24. Ne6 fxe6 25. Qh6 Nxc1 26. Qxg6+ Kh8 27. Qh6+ Kg8 28. Qg6+ Kh8 1/2-1/2

[Event "NZL-ch Major op"]
[Site "Wanganui"]
[Date "2003.01.05"]
[Round "5"]
[White "Goodhue, Nathan"]
[Black "Harris, Pascal"]
[Result "1-0"]
[WhiteElo "1861"]
[BlackElo "1747"]
[PlyCount "55"]
[EventDate "2003.01.??"]
[EventType "swiss"]
[EventRounds "11"]
[EventCountry "NZL"]
[SourceTitle "EXT 2005"]
[Source "ChessBase"]
[SourceDate "2004.11.15"]
[SourceVersion "1"]
[SourceVersionDate "2004.11.15"]
[SourceQuality "1"]

1. d4 Nf6 2. Nf3 g6 3. Nbd2 d5 4. e3 Bg7 5. Bd3 Nc6 6. c3 Bd7 7. 0-0 e5 8. dxe5 Ng4 9. Qb3 Bc8 10. Bb5 Ngxe5 11. Nxe5 Bxe5 12. Nf3 Bd6 13. Rd1 a6 14. Be2 Ne7 15. c4 dxc4 16. Bxc4 Be6 17. Bxe6 fxe6 18. Bd2 Qc8 19. Bc3 Rg8 20. Ng5 Nd5 21. Nxe6 Nxc3 22. bxc3 Ke7 23. Nd4 c5 24. Nf3 c4 25. Qc2 Qg4 26. Rd4 Qh5 27. Qe4+ Kd7 28. Rad1 1-0

[Event "NZL-ch Major op"]
[Site "Wanganui"]
[Date "2003.01.03"]
[Round "2"]
[White "Harris, Pascal"]
[Black "Chandler, Bill"]
[Result "1-0"]
[WhiteElo "1747"]
[BlackElo "1000"]
[PlyCount "37"]
[EventDate "2003.01.??"]
[EventType "swiss"]
[EventRounds "11"]
[EventCountry "NZL"]
[SourceTitle "EXT 2005"]
[Source "ChessBase"]
[SourceDate "2004.11.15"]
[SourceVersion "1"]
[SourceVersionDate "2004.11.15"]
[SourceQuality "1"]

1. d4 d5 2. c4 e6 3. Nc3 Nf6 4. Bg5 Be7 5. e3 Ne4 6. Nxe4 dxe4 7. Bxe7 Qxe7 8. Qc2 f5 9. c5 Nc6 10. Bb5 Bd7 11. Ne2 0-0-0 12. a4 Nb4 13. Qb3 Bxb5 14. axb5 Nd3+ 15. Kd2 Nxf2 16. Rxa7 Nxh1 17. c6 Rxd4+ 18. Nxd4 Qc5 19. Ra8# 1-0

[Event "NZL-ch Major op"]
[Site "Wanganui"]
[Date "2003.01.03"]
[Round "3"]
[White "Wilson, John A"]
[Black "Harris, Pascal"]
[Result "0-1"]
[WhiteElo "1499"]
[BlackElo "1747"]
[PlyCount "40"]
[EventDate "2003.01.??"]
[EventType "swiss"]
[EventRounds "11"]
[EventCountry "NZL"]
[SourceTitle "EXT 2005"]
[Source "ChessBase"]
[SourceDate "2004.11.15"]
[SourceVersion "1"]
[SourceVersionDate "2004.11.15"]
[SourceQuality "1"]

1. e4 e5 2. Nf3 Nc6 3. Bc4 Bc5 4. d3 Nf6 5. h3 d6 6. Nc3 Be6 7. Bxe6 fxe6 8. Bd2 a6 9. a3 0-0 10. Ne2 Nh5 11. Rf1 Rxf3 12. gxf3 Qh4 13. Ng1 Ng3 14. Bg5 Qxg5 15. fxg3 Qxg3+ 16. Kd2 Qg5+ 17. Kc3 Na5 18. Ne2 Bd4+ 19. Nxd4 exd4+ 20. Kxd4 Qc5# 0-1